000 01180nam a2200217 a 4500
005 20241018130546.0
008 100630t2013||||ag |||g p 1p0dspa d
020 _a9789875782167
041 _aspa
092 _c808
_l8
_sBOD
100 1 _aBodoc, Liliana
_93934
245 4 _aLos dias del fuego.
_cLiliana Bodoc
250 _a1a ed.
260 _aBuenos Aires:
_bPunto de lectura;
_c2013.
300 _a480 p.
_c19x13 cm.
500 _aBodoc, L. (2013). Los días del fuego. (1a ed.). Buenos Aires : Punto de Lectura.
505 _aEl odio no suele debilitarse con las caídas sino al contrario. Se levanta, brutal, y ruge hacia los cuatro puntos cardinales. Pero el amor tampoco se debilita con las caídas sino al contrario. Se levanta, lastimado, y canta. Ahora las Tierra Antiguas se unen a las Tierras Fértiles para librar una guerra definitiva. El hijo de la muerte conduce las batallas, sentado en su monte. Su madre lo observa desde la distancia. La guerra, la política y la magia deberán coincidir si desean permanecer. ¿Será eso posible?
590 _aProyecto 4to Libro. Donación Victoria Lara, Mayo 2018.
655 _aLiteratura
_92917
942 _2lcc
_cLIT
999 _c2804
_d2804